Communications in statistics : theory and methods

Αποθηκεύτηκε σε:
Λεπτομέρειες βιβλιογραφικής εγγραφής
Μορφή: Περιοδική έκδοση
Γλώσσα:English
Δημοσίευση: New York : Marcel Dekker, inc., 1976-
Θέματα:
Ετικέτες: Προσθήκη ετικέτας
Δεν υπάρχουν, Καταχωρήστε ετικέτα πρώτοι!

MARC

LEADER 00000nas a2200000 i 4500
001 1/33440
008 030303c19769999 eng d
022 |a 03610926 
035 |l 10069513 
040 |a GR-MY-UA  |b gre  |e aacr 
041 0 |a eng 
082 0 |a 519.505 
245 1 0 |a Communications in statistics :  |h [περιοδικό]  |b theory and methods 
260 |a New York :   |b Marcel Dekker, inc.,   |c 1976- 
300 |a v.;  |b ill.;  |c 23 cm. 
310 |a Monthly, Feb. 1990- 
650 0 0 |a Mathematical statistics  |x Periodicals. 
853 |a INST  |b SAMOS  |c SER 
922 |a 3ΕΛΗ  |b 200303  |c ΤΣΑΕ  |d ΚΑΟΥΦΜΑΝ 
970 |a ΜΑΛΑΓΑΡΗ  |b ΦΩΤΕΙΝΗ  |z 200303